Tensorial

保存先:
書誌詳細
第一著者: Mahaluf, Sebastián (autor)
フォーマット: 図書
言語:スペイン語
英語
出版事項: Santiago Patricia Ready Galería 2012
シリーズ:Arte + Corporación
主題:
タグ: タグ追加
タグなし, このレコードへの初めてのタグを付けませんか!

MARC

LEADER 00000cam a2200000 a 4500
001 UCF3025
003 CL-VaPUC
008 120914e20120000CL |||||||||||||||||spa|d
041 0 7 |a spa  |2 CL-VaPUC 
041 0 7 |a eng  |2 CL-VaPUC 
082 0 4 |a 709.05  |b MAH  |2 21 
100 |a Mahaluf, Sebastián  |e autor  |9 588874 
245 1 0 |a Tensorial 
300 |a pág. irreg 
942 |c BK 
945 |d 20120914 00:00:00  |a dcastane 
260 |a Santiago  |b Patricia Ready Galería  |c 2012 
650 0 |a Arte conceptual  |9 341272 
650 0 |a Arte contemporáneo chileno  |9 464579 
650 0 |a Artes visuales  |9 336870 
583 |a last modification  |c 20120914 00:13:00  |k Rodrigo Vera 
490 0 |a Arte + Corporación 
999 |c 349547  |d 349545 
952 |0 0  |1 0  |4 0  |6 709_050000000000000_MAH_2012  |7 0  |8 A  |9 452185  |a BIBART  |b BIBART  |d 2019-11-22  |i 4904257  |o 709.05 MAH 2012  |p 4904257  |r 2025-03-13  |w 2019-11-22  |y BK  |k ART